Druhá vlna kupónovej privatizácie je ohrozená

Rozdielne postoje k transformácii niektorých slovenských štátnych podnikov na Ministerstve pre správu a privatizáciu národného majetku SR a Ministerstve hospodárstva SR - energetika a plynárenstvo.

Gespeichert in:
Bibliographische Detailangaben
1. Verfasser: Hajko, J.
Format: Buchkapitel
Sprache:Slowakisch
Schlagworte:
Tags: Tag hinzufügen
Keine Tags, Fügen Sie das erste Tag hinzu!

MARC

LEADER 00000naa a2200000 4500
001 r015414
005 20221205091118.0
041 0 |a slo 
044 |a SK 
245 1 0 |a Druhá vlna kupónovej privatizácie je ohrozená  |c J. Hajko 
520 |a Rozdielne postoje k transformácii niektorých slovenských štátnych podnikov na Ministerstve pre správu a privatizáciu národného majetku SR a Ministerstve hospodárstva SR - energetika a plynárenstvo. 
610 2 0 |a privatizácia 
610 2 0 |a Slovensko 
610 2 0 |a 1994 
610 2 0 |a podnik štátny 
610 2 0 |a energetika 
610 2 0 |a priemysel plynárenský 
610 2 0 |a ministerstvá 
100 1 |a Hajko, J.